| 000 | 00621nam a22002057a 4500 | ||
|---|---|---|---|
| 003 | OSt | ||
| 005 | 20260423025101.0 | ||
| 008 | 260423b |||||||| |||| 00| 0 eng d | ||
| 020 | _a981-240-673-5 | ||
| 040 |
_aDWCL-Main lib. _cOC |
||
| 082 | _aCirc. 620.004 K124a 2002 | ||
| 100 | _aKalameja, Alan J. | ||
| 245 |
_aThe AutoCAD 2002 tutor for engineering graphics/ _cAlan J. Kalameja |
||
| 260 |
_aAlbany, NY : _bThomson Learning, _c c2002. |
||
| 300 |
_avol. 2, 1439 p. ; _c25 cm. |
||
| 504 | _aInclude index. | ||
| 650 | _a1. AutoCAD | ||
| 650 | _a2. Engineering graphics. | ||
| 942 |
_2ddc _cBK-CIRC _hCirc. _n0 |
||
| 999 |
_c9763 _d9763 |
||